|
|
|
|
| LEADER |
00000nam a22000007a 4500 |
| 005 |
20141024121223.0 |
| 007 |
cr|||| |||| |
| 008 |
141024s2014 es |||| s|||| 00||0 spa d |
| 020 |
|
|
|a 978-84-9085-089-3
|
| 035 |
|
|
|a 12468
|
| 040 |
|
|
|a vLex
|
| 090 |
|
|
|c 5270
|d 5270
|
| 100 |
1 |
|
|a Gm̤ez Garca̕, Juan Antonio
|
| 245 |
1 |
0 |
|a Legalidad y legitimidad en el estado contemporǹeo
|h [Recurso electrn̤ico] /
|c Juan Antonio Gm̤ez Garca̕
|
| 256 |
|
|
|a Servicio en ln̕ea
|
| 260 |
|
|
|a Madrid :
|b Dykinson,
|c 2014
|
| 300 |
|
|
|a 1 recurso electrn̤ico
|
| 500 |
|
|
|a La actual crisis de la ley ha vuelto a poner encima de la mesa la cls̀ica cuestin̤ de la legitimidad, cuando de crea̕ haberla resuelto en la modernidad, bajo la ǧida del procedimentalismo deliberativo democrt̀ico. En efecto, da̕ a da̕ puede comprobarse, que el plano normativo resulta insuficiente para ofrecer respuestas satisfactorias ante los problemas y retos que se les vienen presentando a nuestras democracias en el presente contexto post-moderno, globalizado, multicultural y polifn̤ico. El abordaje de esta fundamental y ardua cuestin̤ constituye, pues, una necesidad de primer magnitud, en orden a realizar el bien comn︢ y lo justo en nuestras sociedades. A ello se orienta la coleccin̤ de trabajos que aqu ̕se ofrecen, desde distintos enfoques ter̤icos: filosf̤ico, moral, politolg̤ico, sociolg̤ico y jurd̕ico.
|
| 506 |
1 |
|
|a Contenido solo disponible en los productos indicados
|d vLex Global
|d vLex Global (Academic Edition, excluding Law Schools)
|d vLex Global (U.S. Academic Edition, Law Schools)
|d vLex Global (U.S. Academic Edition, excluding Law Schools)
|d vLex Global (Academic Edition, Law Schools)
|
| 650 |
0 |
4 |
|a Derecho
|z Espaą
|
| 650 |
0 |
4 |
|a Derecho
|x Filosofia
|z Espaą
|
| 740 |
0 |
|
|a vLex Libros (Servicio en ln̕ea)
|
| 856 |
4 |
0 |
|u http://vlex.com/source/legalidad-y-legitimidad-en-el-estado-contemporaneo-12468
|z Acceso restringido
|
| 942 |
|
|
|c BOOK
|
| 999 |
0 |
|
|a Law--Philosophy
|
| 999 |
0 |
|
|a Law
|